BCIS guide to daywork rates (Record no. 104005)

MARC details
000 -LEADER
fixed length control field 00973cam a2200289 4500
008 - FIXED-LENGTH DATA ELEMENTS--GENERAL INFORMATION
fixed length control field 050209n2004 000 0 eng u
020 ## - INTERNATIONAL STANDARD BOOK NUMBER
International Standard Book Number 1904829120
022 ## - INTERNATIONAL STANDARD SERIAL NUMBER
International Standard Serial Number 0950-3250
035 ## - SYSTEM CONTROL NUMBER
System control number (Sirsi) u128739
041 ## - LANGUAGE CODE
Language code of text/sound track or separate title eng
050 ## - LIBRARY OF CONGRESS CALL NUMBER
Classification number 692.5
-- 18
110 ## - MAIN ENTRY--CORPORATE NAME
Corporate name or jurisdiction name as entry element Building Cost Information Service
9 (RLIN) 1096
245 ## - TITLE STATEMENT
Title BCIS guide to daywork rates
Remainder of title calculations of standard hourly base rates
250 ## - EDITION STATEMENT
Edition statement 19th ed.
260 ## - PUBLICATION, DISTRIBUTION, ETC.
Place of publication, distribution, etc. London
Name of publisher, distributor, etc. BCIS
Date of publication, distribution, etc. 2004
300 ## - PHYSICAL DESCRIPTION
Extent 78p.
Dimensions 30cm.
350 ## - PRICE (NR) (BK AM CF MU VM SE) [OBSOLETE]
Price 40
520 ## - SUMMARY, ETC.
Summary, etc. Annual guide to daywork rates which gives model calculations of standard hourly base rates, including all 2004 wage awards. Includes rates from 1995 to date.
520 ## - SUMMARY, ETC.
Summary, etc. No part of this can be read out over the phone.
650 ## - SUBJECT ADDED ENTRY--TOPICAL TERM
Topical term or geographic name entry element DAYWORK RATES
650 ## - SUBJECT ADDED ENTRY--TOPICAL TERM
Topical term or geographic name entry element BUILT ENVIRONMENT-BUILDING COSTS
650 ## - SUBJECT ADDED ENTRY--TOPICAL TERM
Topical term or geographic name entry element LABOUR RATES
650 ## - SUBJECT ADDED ENTRY--TOPICAL TERM
Topical term or geographic name entry element Block management
9 (RLIN) 6220
650 ## - SUBJECT ADDED ENTRY--TOPICAL TERM
Topical term or geographic name entry element LABOUR COSTS
690 ## - LOCAL SUBJECT ADDED ENTRY--TOPICAL TERM (OCLC, RLIN)
Topical term or geographic name as entry element BUILT ENVIRONMENT-BUILDING COSTS
942 ## - ADDED ENTRY ELEMENTS (KOHA)
Suppress in OPAC 0
Holdings
Withdrawn status Lost status Source of classification or shelving scheme Damaged status Not for loan Home library Current library Shelving location Date acquired Cost, normal purchase price Total Checkouts Full call number Barcode Date last seen Copy number Cost, replacement price Price effective from Koha item type Date last checked out
    Dewey Decimal Classification     London London RICS Boxes 01/04/2005 40.00   RICS 2004/47 30069843 06/08/2019 1 40.00 06/08/2019 Archive  
    Dewey Decimal Classification     London London RICS Boxes 28/10/2005     RICS 2004/47 30071428 06/08/2019 2   06/08/2019 Reference material  
    Dewey Decimal Classification     London London RICS Boxes 28/10/2005   2 RICS 2004/47 30071432 06/08/2019 3   06/08/2019 Book 02/08/2006